000 01042nam a2200241 a 4500
003 BD-DhJNU
005 20251229064515.0
008 251108s2018 bg |||g |||| 000 1|ben|d
020 _a9789849339724
040 _aBD-DhJNU
_bben
_cBD-DhJNU
_dBD-DhJNU
041 _aben
082 _a891.44309 GAS
_223
100 _aগঙ্গোপাধ্যায়, নারায়ণ
245 1 0 _aসাহিত্যে ছোটগল্প ও বাংলা গল্প-বিচিত্রা /
_cনারায়ণ গঙ্গোপাধ্যায়
246 _asomaj kormo dharona ebong totho.
250 _a1st ed.
260 _aঢাকা :
_bকবি প্রকাশনী,
_c2018.
300 _a৩৭৬ পৃ. :
_bচিত্র ;
_c২১ সেমি.।
504 _aগ্রন্থপঞ্জিগত নির্দেশিকা ও নিঘন্ট অন্তভূক্ত
650 _aবাংলা ছোটগল্প
650 _aBengali short stories
942 _cBK
999 _c2465
_d2465